| 000 | 00000nas 2200000za 4500 |
| 001 | 9.852416 |
| 003 | CaOODSP |
| 005 | 20221107154558 |
| 007 | cr ||||||||||| |
| 008 | 180226d19701980oncar p oss f0###a0eng|d |
| 022 | |y0384-3343 |
| 040 | |aCaOODSP|beng |
| 041 | |aeng|afre |
| 043 | |an-cn--- |
| 086 | 1 |aCS34-215-PDF |
| 245 | 00|aKnitting mills |h[electronic resource] = |bBonneterie. |
| 246 | 11|aBonneterie |
| 260 | |aOttawa : |bStatistics Canada, Manufacturing and Primary Industries Division = Statistique Canada, Division des industries manufacturières et primaires, |c1972-1982. |
| 310 | |aAnnual |
| 362 | 0 |a1970-1980. |
| 490 | 0 |aAnnual census of manufactures = Recensement annuel des manufactures |
| 500 | |aDigitized edition from print [produced by Statistics Canada]. |
| 546 | |aText in English and French. |
| 550 | |aIssued 1979-1980 by Foods, Beverages, Textiles and Miscellaneous Industries Section. |
| 580 | |aA part of Knitting mills, merged with Cotton yarn and cloth mills (Final); Man-made fibre, yarn and cloth mills; and, Wool yarn and cloth mills (Final), to become: Fibre, yarn and cloth mills. |
| 580 | |aAbsorbed in part by: Miscellaneous clothing industries (1970 : Final). |
| 692 | 07|2gccst|aClothing industry |
| 710 | 1 |aCanada. |bStatistics Canada. |bFoods, Beverages, Textiles and Miscellaneous Industries Section. |
| 710 | 1 |aCanada. |bStatistics Canada. |bManufacturing and Primary Industries Division. |
| 780 | 00|tHosiery and knitting mills |w(CaOODSP)9.852403 |
| 785 | 00|tFibre, yarn and cloth mills |w(CaOODSP)9.852722 |
| 792 | |tKnitting mills |efre|w(CaOODSP)9.852420 |